00182nam a2200073Ia 4500008004100000100001900041245002000060260002800080170817s9999 xx 000 0 und d aDr. AGARWAL N. 0aFamily dynamics bAgarwal Prakashan Agara